| 000 | 00631nam a2200241 a 4500 | ||
|---|---|---|---|
| 001 | 0001-0984 | ||
| 003 | ELIB.Books | ||
| 008 | 141009 2010 eng | ||
| 020 | _a0877846022 | ||
| 035 | _a(ELIB.Books)0001-1138 | ||
| 092 |
_a227 _bLuc |
||
| 100 | _aLucas, R.C. | ||
| 245 |
_aFullness & Freedom _bThe Message of Colossians & Philemon |
||
| 260 |
_aDowners Grove _bInterVarsity Press _c1980 |
||
| 300 |
_a191 _c21 CM |
||
| 500 | _aDr. Yahalaylayla | ||
| 650 | _aEpistles | ||
| 856 |
_nKBTS; Library _uKBTS; Elib. |
||
| 942 |
_2ddc _cBK |
||
| 990 | _a1 | ||
| 998 |
_cbat _e2014-10-09 |
||
| 999 |
_c10984 _d10984 |
||